000 00298nam a2200133Ia 4500
100 _aMcLaughlin/Brett D
942 _cBK
366 _f25
245 _aHead first object oriented analysis and design
260 _bO'reilly
_c2007
300 _a600
546 _aENGLISH
_celectronics
999 _c20386
_d20386